00489nam a22001577a 450000500170000001000150001702000260003203500140005803700130007208200140008510000230009924500730012226000530019527000590024830000240030720170522123657.0 aENG-118308 a9789383231058c650.00 aEN-101840 bDBAD/PUB a649.10954 aChoudhary, Vandana aParental behaviour and adolescent psychology /cby Vandana Choudhary aJaipurbManas Publishers And Distributors c2013 a91, Bhagwati Nagar 2nd Floor, Kartarpur, Jaipur-302006 axi, 180pc22cm.(Hb)